A nyereményrészlettel járó tőkebiztositás [!tőkebiztosítás] előnyei

Elmentve itt :
Bibliográfiai részletek
Szerző: Berényi Pál
Dokumentumtípus: Cikk
Megjelent: 1893
Sorozat:A kereskedelmi jog és ismeretek tára : havi folyóirat 3 No. 41
Kulcsszavak:Jogtudomány, Közgazdaságtudomány
Online Access:http://misc.bibl.u-szeged.hu/2629
LEADER 00656nab a2200169 i 4500
001 misc2629
005 20191106144347.0
008 170607s1893 hu o 0|| hun d
040 |a SZTE Miscellanea Repozitórium  |b hun 
041 |a hun 
100 1 |a Berényi Pál 
245 1 2 |a A nyereményrészlettel járó tőkebiztositás [!tőkebiztosítás] előnyei  |h [elektronikus dokumentum] /  |c  Berényi Pál 
260 |c 1893 
300 |a 23-27 
490 0 |a A kereskedelmi jog és ismeretek tára : havi folyóirat  |v 3 No. 41 
695 |a Jogtudomány, Közgazdaságtudomány 
856 4 0 |u http://misc.bibl.u-szeged.hu/2629/1/kereskedelmi_003_041_023-027.pdf  |z Dokumentum-elérés